|
|
|
|
| LEADER |
00737nam a22002051a 4500 |
| 020 |
|
|
|a 9780195696929
|c 0.00
|
| 040 |
|
|
|a SSUS - Library - Kalady
|
| 082 |
|
|
|a 338.954
|b IND
|
| 100 |
|
|
|a Council For Social Development
|
| 245 |
|
|
|a India : social development report 2008
|h [Text]
|
| 260 |
|
|
|a New Delhi
|b Oxford University Press
|c 2008
|
| 300 |
|
|
|a 311p.
|
| 600 |
|
|
|a Economic Development India
|
| 600 |
|
|
|a Economics
|
| 600 |
|
|
|a Report Social Development India
|
| 600 |
|
|
|a Social Development India
|
| 852 |
|
|
|k Reference
|h 338.954
|i IND
|p 057090
|9 445.00
|t 0
|
| 942 |
|
|
|c REF
|
| 999 |
|
|
|c 19438
|d 19438
|
| 952 |
|
|
|0 0
|1 0
|4 0
|6 R_338_954000000000000_IND
|7 0
|9 27389
|a SSUS
|b SSUS
|d 2015-01-08
|g 445.00
|o R 338.954 IND
|p 057090
|r 2015-01-08
|v 0.00
|w 2015-01-08
|y REF
|